[Event "VIII. hagymatikum Kupa „B”"]
[Site "Makó, Korona Hotel"]
[Date "2019.06.02"]
[Round "7.1"]
[White "Kakuk, Sandor"]
[Black "Marta, Dominik"]
[Result "1-0"]
[WhiteElo "2163"]
[BlackElo "2133"]
[PlyCount "103"]
[EventDate "2019.05.30"]

1. d4 Nf6 2. Nc3 d5 3. Bg5 Nbd7 4. Nf3 e6 5. e4 h6 6. Bxf6 Nxf6 7. Bd3 Bb4 8.
exd5 Nxd5 9. Qd2 c5 10. O-O Qa5 11. a3 Bxc3 12. bxc3 Qxc3 13. Bb5+ Ke7 14. Qe2
a6 15. Bc4 Nb6 16. Bd3 cxd4 17. Rab1 Nd5 18. Qe5 f6 19. Qe4 Qc5 20. Nxd4 Nc3
21. Rxb7+ Bxb7 22. Qxb7+ Kd6 23. Nxe6 Kxe6 24. Re1+ Kd6 25. Qe7+ Kd5 26. Qe6+
Kd4 27. Qg4+ Kd5 28. Qd7+ Qd6 29. Qf7+ Kc6 30. Re6 Rhe8 31. Rxe8 Rxe8 32. Qxe8+
Kb6 33. g3 Qe5 34. Qd8+ Ka7 35. Qd7+ Kb6 36. Qxg7 Nd1 37. Qxh6 Qe1+ 38. Kg2
Qxf2+ 39. Kh3 Qf3 40. Qf4 Qh5+ 41. Kg2 Qd5+ 42. Qf3 a5 43. Qxd5 Ne3+ 44. Kf3
Nxd5 45. h4 Ne7 46. Kf4 Ng8 47. Kf5 Kc5 48. h5 Kd4 49. Kg6 Ne7+ 50. Kf7 Nc8 51.
h6 Nd6+ 52. Kxf6 1-0

[Event "VIII. hagymatikum Kupa „B”"]
[Site "Makó, Korona Hotel"]
[Date "2019.06.02"]
[Round "7.2"]
[White "Berta, Sandor"]
[Black "Restas, Peter"]
[Result "1/2-1/2"]
[WhiteElo "2062"]
[BlackElo "2086"]
[PlyCount "99"]
[EventDate "2019.05.30"]

1. d4 c5 2. dxc5 e6 3. Nf3 Bxc5 4. Bf4 Nf6 5. e3 O-O 6. Nbd2 Nc6 7. Nb3 Be7 8.
Be2 d5 9. h3 Ne4 10. O-O Bf6 11. Nbd4 Re8 12. c4 e5 13. Nxc6 bxc6 14. Bh2 Rb8
15. Qc2 Qb6 16. b3 Bf5 17. Bd3 Bg6 18. Rac1 Rb7 19. cxd5 cxd5 20. Nxe5 Rbe7 21.
Nxg6 hxg6 22. Bxe4 Rxe4 23. Qc6 Qxc6 24. Rxc6 d4 25. exd4 Bxd4 26. Bg3 Re2 27.
Rc4 Rd8 28. a4 Rb2 29. b4 Bf6 30. Bf4 Rd4 31. Rfc1 Rxb4 32. Rc8+ Kh7 33. Be3
Rd7 34. R1c4 Rxc4 35. Rxc4 Bd8 36. Rd4 Rxd4 37. Bxd4 Bb6 38. Bxb6 axb6 39. Kf1
Kg8 40. Ke2 Kf8 41. Kd3 Ke7 42. Kc4 Kd6 43. Kb5 Kc7 44. h4 f5 45. g3 Kb7 46. f3
Kc7 47. Kb4 Kd6 48. Kb5 Kc7 49. Kb4 Kd6 50. Kb5 1/2-1/2

[Event "VIII. hagymatikum Kupa „B”"]
[Site "Makó, Korona Hotel"]
[Date "2019.06.02"]
[Round "7.3"]
[White "Balint, Richard"]
[Black "Csikos, Mihaly"]
[Result "1/2-1/2"]
[WhiteElo "2043"]
[BlackElo "2044"]
[PlyCount "98"]
[EventDate "2019.05.30"]

1. f4 d5 2. Nf3 Nf6 3. e3 c5 4. d4 cxd4 5. exd4 Nc6 6. Bd3 Bg4 7. c3 e6 8. O-O
Bd6 9. h3 Bxf3 10. Qxf3 O-O 11. Nd2 Qc7 12. g4 g6 13. Rf2 Rab8 14. Nf1 b5 15.
a3 a5 16. Bd2 b4 17. axb4 axb4 18. Ne3 bxc3 19. bxc3 Na5 20. Raf1 Rb2 21. f5
Nb3 22. Be1 Rxf2 23. Qxf2 g5 24. Bc2 Na5 25. fxe6 fxe6 26. Qe2 Qd7 27. Bd3 Bc7
28. h4 h6 29. Bb5 Qd6 30. Qg2 Ne4 31. Rxf8+ Qxf8 32. Bd3 Qf4 33. Nf1 Nd6 34.
Bd2 Qf6 35. hxg5 hxg5 36. Ng3 Nac4 37. Nh5 Qh6 38. Be1 Qf8 39. Qe2 Qf7 40. Bg3
Bd8 41. Bxd6 Nxd6 42. Qe5 Be7 43. Kg2 Ne8 44. Bb5 Nf6 45. Qxg5+ Kf8 46. Qh6+
Kg8 47. Nxf6+ Qxf6 48. Qxf6 Bxf6 49. Kf3 Bg5 1/2-1/2

[Event "VIII. hagymatikum Kupa „B”"]
[Site "Makó, Korona Hotel"]
[Date "2019.06.02"]
[Round "7.4"]
[White "Retkes, Peter"]
[Black "Martonosi, Adam"]
[Result "1-0"]
[WhiteElo "2101"]
[BlackElo "1944"]
[PlyCount "89"]
[EventDate "2019.05.30"]

1. e4 g6 2. d4 Bg7 3. Nc3 c6 4. Be3 d5 5. f3 dxe4 6. fxe4 Nf6 7. Be2 Qa5 8. Qd2
Bg4 9. Nf3 Nbd7 10. O-O O-O 11. e5 Ne8 12. h3 Bxf3 13. Bxf3 Qd8 14. Ne4 Nb6 15.
Qe2 Nd5 16. Nc5 Nxe3 17. Qxe3 Rb8 18. Rad1 Nc7 19. c4 b6 20. Nb3 Qd7 21. Qe4 b5
22. Nc5 Qc8 23. b3 bxc4 24. bxc4 Ne6 25. Nb3 Qa6 26. Qc2 Qb6 27. c5 Qa6 28.
Rfe1 Rb4 29. Bxc6 Nxc5 30. Qxc5 Rc4 31. Bb5 Rxc5 32. Bxa6 Rc6 33. Bb7 Rb6 34.
Bf3 Bh6 35. Kf2 Rc8 36. Re2 f6 37. exf6 Rxf6 38. Rxe7 Rc2+ 39. Re2 Rc3 40. Rde1
Bg5 41. Kg1 Bh4 42. Rc1 Rd3 43. Rf1 Kg7 44. Nc5 Rc3 45. Ne4 1-0

[Event "VIII. hagymatikum Kupa „B”"]
[Site "Makó, Korona Hotel"]
[Date "2019.06.02"]
[Round "7.5"]
[White "Fabian Nagy, Sandor"]
[Black "Marjanovic, Gyorgy"]
[Result "1/2-1/2"]
[WhiteElo "2021"]
[BlackElo "2035"]
[PlyCount "59"]
[EventDate "2019.05.30"]

1. e4 e5 2. Nf3 Nc6 3. d4 exd4 4. Nxd4 Nf6 5. Nxc6 bxc6 6. e5 Qe7 7. Qe2 Nd5 8.
c4 Nb6 9. Nc3 Qe6 10. Bd2 a5 11. b3 a4 12. Rb1 Bb4 13. g3 O-O 14. Bg2 Re8 15.
O-O axb3 16. axb3 Qxe5 17. Qf3 Bb7 18. Rbc1 d5 19. Bf4 Qe7 20. cxd5 cxd5 21.
Nb5 Rac8 22. Nxc7 Red8 23. Bh3 Rb8 24. Qd3 Bd6 25. Rfe1 Qf6 26. Bxd6 Qxd6 27.
Qd4 Bc8 28. Ne8 Qf8 29. Bxc8 Nxc8 30. Nc7 1/2-1/2

[Event "VIII. hagymatikum Kupa „B”"]
[Site "Makó, Korona Hotel"]
[Date "2019.06.02"]
[Round "7.6"]
[White "Hajdu, Istvan"]
[Black "Molnar, Gabor"]
[Result "1/2-1/2"]
[WhiteElo "1900"]
[BlackElo "1999"]
[PlyCount "32"]
[EventDate "2019.05.30"]

1. e4 d6 2. d4 Nf6 3. Nc3 e5 4. Nf3 exd4 5. Nxd4 Be7 6. Be2 O-O 7. Be3 d5 8.
exd5 Bb4 9. Bd2 Nxd5 10. Nxd5 Bxd2+ 11. Qxd2 Qxd5 12. Nf3 Qxd2+ 13. Nxd2 Re8
14. f3 Bf5 15. Kf2 c6 16. c3 Nd7 1/2-1/2

[Event "VIII. hagymatikum Kupa „B”"]
[Site "Makó, Korona Hotel"]
[Date "2019.06.02"]
[Round "7.7"]
[White "Somogyi, Gabor"]
[Black "Turcsanyi, Vince Gergo"]
[Result "1-0"]
[WhiteElo "1874"]
[BlackElo "1816"]
[PlyCount "59"]
[EventDate "2019.05.30"]

1. d4 Nf6 2. Nf3 d5 3. Bf4 e6 4. e3 Bd6 5. Bxd6 cxd6 6. c4 dxc4 7. Bxc4 d5 8.
Bd3 O-O 9. O-O Nc6 10. a3 Nd7 11. b4 f5 12. Nc3 Nf6 13. b5 Ne7 14. Ne5 Ne4 15.
Ne2 Ng6 16. Nxg6 hxg6 17. Bxe4 dxe4 18. Nf4 Kf7 19. f3 exf3 20. Qxf3 Qf6 21.
Nd3 Rh8 22. Ne5+ Kg8 23. Rac1 g5 24. Rc7 Qh6 25. Qg3 Rh7 26. Rfc1 g6 27. Rxc8+
Rxc8 28. Rxc8+ Kg7 29. Rc7+ Kf8 30. Rxh7 1-0

[Event "VIII. hagymatikum Kupa „B”"]
[Site "Makó, Korona Hotel"]
[Date "2019.06.02"]
[Round "7.8"]
[White "Varga, Gabor"]
[Black "Kocsmar, Akos"]
[Result "0-1"]
[WhiteElo "1855"]
[BlackElo "1769"]
[PlyCount "104"]
[EventDate "2019.05.30"]

1. e4 c6 2. d4 d5 3. exd5 cxd5 4. c3 Nc6 5. Bd3 Nf6 6. Bg5 e6 7. Nf3 Be7 8. O-O
O-O 9. Nbd2 Qc7 10. Re1 Bd6 11. Bxf6 gxf6 12. Nf1 f5 13. Qd2 Bf4 14. Ne3 Kh8
15. g3 Bd6 16. Ng2 Rg8 17. Qh6 Rg6 18. Qh5 Be7 19. Ngh4 Rg7 20. Kh1 Bd7 21. Rg1
Rag8 22. Rg2 Be8 23. Rag1 f6 24. Qh6 Qd8 25. g4 Bf8 26. g5 Rf7 27. Qh5 fxg5 28.
Rxg5 Rfg7 29. Ng6+ Bxg6 30. Qh3 Be7 31. R5g3 Bf7 32. Qh6 Rxg3 33. hxg3 Rg6 34.
Qe3 Bg5 35. Qe2 Bf6 36. Kg2 Qc7 37. Kf1 Rg7 38. Nd2 Qd6 39. f4 a6 40. Nb3 a5
41. Kf2 b6 42. Rh1 Kg8 43. Nd2 Qf8 44. Qf3 Rg6 45. Be2 Qg7 46. Qe3 Rh6 47. Rg1
Nxd4 48. Bd1 Nc6 49. Qxb6 Rh2+ 50. Ke1 Bxc3 51. Be2 Bxd2+ 52. Kxd2 Qd4+ 0-1

[Event "VIII. hagymatikum Kupa „B”"]
[Site "Makó, Korona Hotel"]
[Date "2019.06.02"]
[Round "7.10"]
[White "Illes, David Mark"]
[Black "Abraham, Lajos"]
[Result "1-0"]
[WhiteElo "1846"]
[BlackElo "1662"]
[PlyCount "119"]
[EventDate "2019.05.30"]

1. d4 Nf6 2. Nf3 d6 3. c4 Nbd7 4. g3 e5 5. Bg2 c6 6. dxe5 dxe5 7. O-O Be7 8.
Nc3 O-O 9. Qc2 Qc7 10. b3 Rb8 11. Bb2 b5 12. cxb5 cxb5 13. Rac1 Qb6 14. e3 Bb7
15. Rfd1 Rbc8 16. Qe2 Ba6 17. Qe1 Qb8 18. Ne2 Rxc1 19. Rxc1 Bb7 20. Qa5 Bxf3
21. Bxf3 Nc5 22. Ba3 Rc8 23. Qc3 e4 24. Bg2 Nd5 25. Qd4 b4 26. Qxd5 bxa3 27.
Bxe4 Nxe4 28. Rxc8+ Qxc8 29. Qxe4 Qd8 30. Qd4 Qc7 31. Qc3 Qd7 32. Nd4 h6 33. b4
Qa4 34. Nc2 Bf6 35. Nd4 Qd1+ 36. Kg2 Qb1 37. Qc8+ Kh7 38. Qf5+ Qxf5 39. Nxf5 a6
40. Nd4 Be7 41. Nc6 Bd6 42. Kf3 f5 43. e4 fxe4+ 44. Kxe4 Kg6 45. Ne5+ Kf6 46.
Nd3 Ke7 47. Kd5 g5 48. Nc5 a5 49. bxa5 Bb8 50. Kc6 Ba7 51. Nd3 Ke6 52. Kb7 Bd4
53. a6 Kd5 54. a7 Bxa7 55. Kxa7 Ke4 56. Ne1 Kd4 57. Kb6 Kc3 58. f4 gxf4 59.
gxf4 Kb2 60. f5 1-0

[Event "VIII. hagymatikum Kupa „B”"]
[Site "Makó, Korona Hotel"]
[Date "2019.06.02"]
[Round "7.11"]
[White "Kopias, Ferenc"]
[Black "Vadkerti, Vince"]
[Result "1/2-1/2"]
[WhiteElo "1819"]
[BlackElo "1509"]
[PlyCount "57"]
[EventDate "2019.05.30"]

1. Nf3 d5 2. c4 e6 3. e3 c6 4. cxd5 exd5 5. g3 Nf6 6. Bg2 Be7 7. O-O O-O 8. Nc3
Nbd7 9. b3 Nc5 10. Qc2 Nce4 11. d3 Nxc3 12. Qxc3 Bf5 13. Bb2 Re8 14. Rad1 Bd6
15. Rfe1 a5 16. a3 Qe7 17. Qc1 a4 18. b4 Bg4 19. Rd2 Bxf3 20. Bxf3 Be5 21. Bxe5
Qxe5 22. d4 Qd6 23. Qc5 Qxc5 24. bxc5 Ne4 25. Bxe4 Rxe4 26. Rb2 Re7 27. Reb1
Ra7 28. Kf1 f5 29. Rb6 1/2-1/2

[Event "VIII. hagymatikum Kupa „B”"]
[Site "Makó, Korona Hotel"]
[Date "2019.06.02"]
[Round "7.12"]
[White "Lovaszi, Szabolcs"]
[Black "Nagy, Gabor"]
[Result "1/2-1/2"]
[WhiteElo "1667"]
[BlackElo "1897"]
[PlyCount "73"]
[EventDate "2019.05.30"]

1. d4 Nf6 2. Bf4 g6 3. e3 Bg7 4. Nd2 c5 5. c3 cxd4 6. exd4 d6 7. h3 O-O 8. Ngf3
b6 9. Bc4 Bb7 10. O-O d5 11. Bd3 Nc6 12. Re1 e6 13. Ne5 Nd7 14. Ndf3 Ndxe5 15.
Nxe5 Nxe5 16. Bxe5 Bxe5 17. dxe5 Qg5 18. Qc1 Qh4 19. f4 Rfd8 20. Qe3 Rac8 21.
g4 Qe7 22. g5 Qc5 23. Qxc5 Rxc5 24. Kf2 d4 25. c4 Ba6 26. b4 Rc7 27. b5 Bb7 28.
Rac1 Rdc8 29. Re2 Kf8 30. Rec2 a6 31. Be2 Be4 32. Rd2 d3 33. Bxd3 Bxd3 34. Rxd3
Rxc4 35. Rxc4 Rxc4 36. Kf3 Rc2 37. a4 1/2-1/2

[Event "VIII. hagymatikum Kupa „B”"]
[Site "Makó, Korona Hotel"]
[Date "2019.06.02"]
[Round "7.13"]
[White "Oltean, Cristian-Daniel"]
[Black "Tornyai, Jeno"]
[Result "1-0"]
[WhiteElo "1689"]
[BlackElo "1860"]
[PlyCount "129"]
[EventDate "2019.05.30"]

1. e4 d5 2. exd5 Nf6 3. c4 e6 4. d4 exd5 5. Nc3 Nc6 6. Be3 Be7 7. Bd3 O-O 8.
Nf3 Bg4 9. cxd5 Nxd5 10. O-O Bf6 11. Be2 Re8 12. Nxd5 Qxd5 13. Qd2 Rad8 14.
Rfd1 Ne7 15. Rac1 c6 16. h3 Bc8 17. Bd3 Qh5 18. Be2 Qg6 19. Kh2 Nd5 20. Bd3 Bf5
21. Bxf5 Qxf5 22. Qd3 Nxe3 23. fxe3 Qe4 24. Qxe4 Rxe4 25. Rd3 Rde8 26. Re1 g6
27. Kg3 h5 28. Kf2 h4 29. Nd2 R4e6 30. Nf3 Kg7 31. Nd2 Bd8 32. e4 f6 33. Kf3
Ba5 34. Re2 b5 35. Nb3 Bb6 36. a3 a5 37. Na1 f5 38. e5 g5 39. Nc2 Rd8 40. Red2
Re7 41. Rc3 c5 42. Rdd3 b4 43. Rc4 bxa3 44. bxa3 cxd4 45. Rc6 Ba7 46. Rd6 Rxd6
47. exd6 Rd7 48. Nxd4 Kf6 49. Nc6 a4 50. Nxa7 Ke5 51. Nc6+ Ke6 52. Nd4+ Ke5 53.
Nb5 g4+ 54. hxg4 fxg4+ 55. Kxg4 Ke4 56. Rd4+ Ke5 57. Rxa4 Rh7 58. Ra7 Rh8 59.
Re7+ Kf6 60. Re2 h3 61. gxh3 Rg8+ 62. Kf4 Rh8 63. d7 Rd8 64. Rd2 Ke7 65. Na7
1-0

[Event "VIII. hagymatikum Kupa „B”"]
[Site "Makó, Korona Hotel"]
[Date "2019.06.02"]
[Round "7.14"]
[White "Kardos, Levente"]
[Black "Panda, Barnabas"]
[Result "1/2-1/2"]
[WhiteElo "1629"]
[BlackElo "1722"]
[PlyCount "32"]
[EventDate "2019.05.30"]

1. d4 Nf6 2. c4 e6 3. g3 d5 4. Nf3 Nc6 5. Nbd2 Bd6 6. Bg2 O-O 7. O-O Re8 8. Qc2
e5 9. c5 Bf8 10. dxe5 Nxe5 11. Nxe5 Rxe5 12. Nf3 Re8 13. Nd4 c6 14. b4 Qc7 15.
a3 a5 16. Bb2 Bd7 1/2-1/2

[Event "VIII. hagymatikum Kupa „B”"]
[Site "Makó, Korona Hotel"]
[Date "2019.06.02"]
[Round "7.15"]
[White "K. Szabo, Jozsef"]
[Black "Vamosi, Peter Istvan"]
[Result "1-0"]
[WhiteElo "1699"]
[BlackElo "1626"]
[PlyCount "81"]
[EventDate "2019.05.30"]

1. e4 c6 2. d4 d5 3. Nc3 dxe4 4. Nxe4 Bf5 5. Ng3 Bg6 6. h4 h6 7. f4 Nf6 8. Nf3
Ne4 9. Nxe4 Bxe4 10. Be3 Nd7 11. Bd3 Bxd3 12. Qxd3 Qc7 13. O-O-O e6 14. Ne5 Be7
15. g4 O-O-O 16. Nxf7 Nc5 17. Qg6 Na4 18. Nxh8 Rxh8 19. Qxe6+ Kb8 20. g5 Rd8
21. Rhe1 Rd6 22. Qg8+ Bd8 23. f5 Rd5 24. gxh6 Qb6 25. b3 gxh6 26. bxa4 Qb4 27.
Qh8 Qa3+ 28. Kd2 Qxa4 29. Rc1 Qa5+ 30. c3 Rxf5 31. Rg1 a6 32. Rg8 Rd5 33. Bxh6
Ka7 34. Bf8 Bc7 35. Bc5+ Qxc5 36. Ra8+ Kb6 37. Rb1+ Ka5 38. Rxb7 Bf4+ 39. Kd3
Rd6 40. Qc8 Rd5 41. Rb3 1-0

[Event "VIII. hagymatikum Kupa „B”"]
[Site "Makó, Korona Hotel"]
[Date "2019.06.02"]
[Round "7.16"]
[White "Onodi, Miklos"]
[Black "Bacsi, Kristof"]
[Result "0-1"]
[WhiteElo "1492"]
[BlackElo "1695"]
[PlyCount "60"]
[EventDate "2019.05.30"]

1. d4 d5 2. Bf4 Nf6 3. e3 e6 4. Nf3 c5 5. c3 Nc6 6. Bd3 Bd6 7. Ne5 Qc7 8. Bb5
O-O 9. Bxc6 bxc6 10. Nd2 a5 11. Qa4 Bd7 12. Ndf3 c4 13. g4 c5 14. Qc2 cxd4 15.
exd4 Ne4 16. g5 f6 17. gxf6 Rxf6 18. Be3 Raf8 19. Qe2 Be8 20. Rg1 Bh5 21. Bg5
Bxf3 22. Bxf6 Bxe2 23. Rxg7+ Qxg7 24. Bxg7 Kxg7 25. Kxe2 Rxf2+ 26. Ke3 Bxe5 27.
dxe5 Rxh2 28. Rb1 Rh3+ 29. Kf4 Rh5 30. Rg1+ Kf7 0-1

[Event "VIII. hagymatikum Kupa „B”"]
[Site "Makó, Korona Hotel"]
[Date "2019.06.02"]
[Round "7.17"]
[White "Kralik, Attila"]
[Black "Marko, Arpad"]
[Result "1/2-1/2"]
[WhiteElo "1631"]
[BlackElo "1836"]
[PlyCount "52"]
[EventDate "2019.05.30"]

1. Nf3 Nf6 2. g3 b6 3. Bg2 Bb7 4. d3 d6 5. O-O Nbd7 6. Nc3 e5 7. e4 Be7 8. Nh4
g6 9. Bh6 Nh5 10. Nf3 Bf8 11. Qd2 Bg7 12. Bxg7 Nxg7 13. Qh6 Ne6 14. Nd5 c6 15.
Nc3 Qe7 16. a4 f6 17. Nh4 Qg7 18. Qd2 O-O 19. Ne2 Rad8 20. c3 Nc7 21. b4 Kh8
22. b5 Nc5 23. Qc2 d5 24. exd5 cxd5 25. d4 Ne4 26. Bh3 Ng5 1/2-1/2

[Event "VIII. hagymatikum Kupa „B”"]
[Site "Makó, Korona Hotel"]
[Date "2019.06.02"]
[Round "7.18"]
[White "Marjanovic, Alex"]
[Black "Csibor, Andras"]
[Result "1/2-1/2"]
[WhiteElo "1608"]
[BlackElo "1786"]
[PlyCount "131"]
[EventDate "2019.05.30"]

1. e4 e6 2. d4 d5 3. e5 c5 4. c3 Nc6 5. Nf3 b6 6. Bd3 f6 7. O-O f5 8. Bg5 Be7
9. Bxe7 Ngxe7 10. Na3 a6 11. Nc2 O-O 12. Ne3 Ng6 13. Qa4 Bb7 14. Qb3 c4 15.
Nxc4 dxc4 16. Bxc4 Na5 17. Bxe6+ Kh8 18. Qd1 Bd5 19. Bxd5 Qxd5 20. b3 b5 21.
Rc1 Rac8 22. Qd3 Nf4 23. Qe3 Ne6 24. Nd2 Rc6 25. Rc2 Rfc8 26. Nf3 h6 27. Rd1
R8c7 28. Rcc1 g5 29. h4 Rg7 30. Qd3 f4 31. Nd2 gxh4 32. Qe4 Qxe4 33. Nxe4 Ng5
34. Nxg5 Rxg5 35. d5 Rcg6 36. d6 Rxg2+ 37. Kh1 Rxf2 38. d7 Nb7 39. d8=Q+ Nxd8
40. Rxd8+ Kh7 41. Rcd1 h5 42. R1d7+ Kh6 43. Rd6 Rfg2 44. Rh8+ Kg7 45. Rxg6+
Rxg6 46. Rxh5 Rg4 47. Rf5 Kg6 48. Rf6+ Kg5 49. Rf8 Kh6 50. e6 Rg7 51. Rxf4 Kg5
52. Rf7 Kg6 53. Rd7 Kf6 54. Rd6 Rg3 55. c4 bxc4 56. bxc4 Rc3 57. Rxa6 Rxc4 58.
Kh2 Ke7 59. Kh3 Kf6 60. a4 Re4 61. a5 Ra4 62. Ra8 Kxe6 63. a6 Kd7 64. Ra7+ Kc6
65. Rh7 Kb6 66. Rxh4 1/2-1/2

[Event "VIII. hagymatikum Kupa „B”"]
[Site "Makó, Korona Hotel"]
[Date "2019.06.02"]
[Round "7.19"]
[White "Panda, Gyorgy"]
[Black "Fridrik, Richard"]
[Result "1/2-1/2"]
[WhiteElo "1653"]
[BlackElo "1786"]
[PlyCount "37"]
[EventDate "2019.05.30"]

1. d4 d5 2. c4 c6 3. Nf3 e6 4. Nc3 Nf6 5. e3 Nbd7 6. Bd3 dxc4 7. Bxc4 b5 8. Bd3
a6 9. O-O Bb7 10. e4 c5 11. Qe2 Be7 12. a3 cxd4 13. Nxd4 Nc5 14. Rd1 O-O 15.
Bc2 Qc7 16. b4 Ncd7 17. Bb2 Nb6 18. Rac1 Rac8 19. e5 1/2-1/2

[Event "VIII. hagymatikum Kupa „B”"]
[Site "Makó, Korona Hotel"]
[Date "2019.06.02"]
[Round "7.20"]
[White "Torok, Csaba"]
[Black "Farkas, Virag"]
[Result "1-0"]
[WhiteElo "1579"]
[BlackElo "1458"]
[PlyCount "83"]
[EventDate "2019.05.30"]

1. e4 c5 2. Nf3 a6 3. Nc3 e6 4. d4 d5 5. exd5 exd5 6. dxc5 Bxc5 7. Qxd5 Qe7+ 8.
Qe5 Bb4 9. Qxe7+ Nxe7 10. Bd2 Nbc6 11. h3 Bf5 12. O-O-O O-O 13. Bc4 b5 14. Bb3
Rac8 15. Rhe1 Bxc3 16. Bxc3 Rfe8 17. Ne5 Nxe5 18. Rxe5 Bg6 19. Rde1 Rc7 20. Bb4
Kf8 21. g4 f6 22. Re6 Ra7 23. h4 a5 24. Bd6 a4 25. Bd5 Bf7 26. Rxe7 Raxe7 27.
Bxf7 Kxf7 28. Rxe7+ Rxe7 29. Bxe7 Kxe7 30. b3 Kd6 31. bxa4 bxa4 32. Kd2 Kc5 33.
Kc3 Kb5 34. a3 Kc5 35. Kd3 Kd5 36. f4 g6 37. c4+ Kc5 38. Kc3 h6 39. Kd3 g5 40.
hxg5 hxg5 41. fxg5 fxg5 42. Kc3 1-0

[Event "VIII. hagymatikum Kupa „B”"]
[Site "Makó, Korona Hotel"]
[Date "2019.06.02"]
[Round "7.23"]
[White "Csikos, Adam"]
[Black "Csiki, Laszlo Levente"]
[Result "1/2-1/2"]
[WhiteElo "1316"]
[BlackElo "1222"]
[PlyCount "76"]
[EventDate "2019.05.30"]

1. e4 e5 2. Nf3 Nc6 3. d4 exd4 4. Bc4 Nf6 5. Bg5 Be7 6. O-O O-O 7. Re1 h6 8.
Bf4 Bc5 9. e5 Nh7 10. a3 d5 11. exd6 Bxd6 12. Ne5 Nxe5 13. Bxe5 Bxe5 14. Rxe5
Nf6 15. Qe1 Re8 16. Nd2 b6 17. Rd1 c5 18. Nb3 Bb7 19. c3 Rxe5 20. Qxe5 Bd5 21.
Bxd5 Qxd5 22. Qxd5 Nxd5 23. cxd4 cxd4 24. g3 Nf6 25. Rxd4 Rc8 26. Rd2 Ne4 27.
Re2 Re8 28. Nd2 Nf6 29. Kf1 Kf8 30. Nf3 Rxe2 31. Kxe2 Ke7 32. Nd4 Kd7 33. Nf5
Ne8 34. Kd3 h5 35. Kc4 g6 36. Nh6 Nd6+ 37. Kd5 f6 38. Ng8 Ne8 1/2-1/2